Monografía de la población de la república de Costa Rica en el siglo XIX /

محفوظ في:
التفاصيل البيبلوغرافية
المؤلف الرئيسي: Thiel, Bernardo Augusto
التنسيق: نص
الوسوم: إضافة وسم
لا توجد وسوم, كن أول من يضع وسما على هذه التسجيلة!

MARC

LEADER 00000 a a2200000 04500
001 15476
003
040
100 |a Thiel, Bernardo Augusto  
245 |a Monografía de la población de la república de Costa Rica en el siglo XIX /  |c Bernardo Augusto Thiel 
773 |g núm 8, páginas 77-119  
999 |c 21432  |d 21432